[Event "Miedzynarodowe Szachowe Lato w Poznaniu "]
[Site "Wyzsza Szkola Umiejetnosci Spo"]
[Date "2012.??.15"]
[Round "2.1"]
[White "Orzech, Dominik"]
[Black "Gospodarczyk, Roman"]
[Result "1-0"]
[WhiteElo "2422"]
[BlackElo "1951"]
[PlyCount "100"]
[EventDate "2012.??.??"]

1. Nf3 Nf6 2. c4 d5 3. cxd5 Nxd5 4. d4 e6 5. e4 Nf6 6. Nc3 Be7 7. Bd3 O-O 8.
O-O Nbd7 9. Qc2 h6 10. Rd1 c6 11. Be3 Nb6 12. h3 Re8 13. Rac1 Rf8 14. Qd2 Nh7
15. Qe2 Ng5 16. Ne5 Nd7 17. Ng4 f5 18. exf5 exf5 19. Ne5 Nxe5 20. dxe5 Qa5 21.
Bc4+ Ne6 22. Qh5 Kh7 23. Re1 g5 24. Rcd1 Ng7 25. Qf3 Qc7 26. Bc1 Be6 27. Bd3
Rad8 28. h4 b5 29. hxg5 hxg5 30. Qh3+ Kg6 31. Ne2 Rh8 32. Qg3 Nh5 33. Qf3 Ng7
34. Qg3 Nh5 35. Qe3 Qb6 36. Qf3 Bc5 37. Rf1 Rd7 38. g4 Ng7 39. gxf5+ Nxf5 40.
Bxf5+ Bxf5 41. Rxd7 Rh3 42. Rg7+ Kxg7 43. Qxf5 Rh6 44. Bxg5 Rg6 45. Nf4 Rxg5+
46. Qxg5+ Kf7 47. e6+ Ke8 48. Qg8+ Ke7 49. Qf7+ Kd6 50. Rd1+ Ke5 1-0

[Event "Miedzynarodowe Szachowe Lato w Poznaniu "]
[Site "Wyzsza Szkola Umiejetnosci Spo"]
[Date "2012.??.??"]
[Round "2.2"]
[White "Rozumek, Krzysztof"]
[Black "Plichta, Kamil"]
[Result "0-1"]
[WhiteElo "1945"]
[BlackElo "2189"]
[PlyCount "102"]
[EventDate "2012.??.??"]

1. h3 d5 2. c3 c5 3. d4 Nf6 4. Nf3 Nc6 5. dxc5 a5 6. Bf4 Ne4 7. e3 f6 8. Bb5 e5
9. Nxe5 fxe5 10. Qh5+ Ke7 11. Bxc6 bxc6 12. Qxe5+ Kf7 13. b4 axb4 14. cxb4 Be7
15. Qd4 Ra4 16. a3 Re8 17. Qd1 Ra7 18. Nd2 Bf6 19. Nxe4 dxe4 20. Qh5+ Kg8 21.
Rd1 Qe7 22. Rd6 g6 23. Qh6 Bc3+ 24. Kf1 Bg7 25. Qg5 Qxg5 26. Bxg5 Rxa3 27. g4
Ba6+ 28. Kg2 Bb5 29. Rhd1 Rd3 30. Bd8 Bc3 31. Ba5 Rxd1 32. Rxd1 Bd3 33. Rc1 Bb2
34. Rd1 Rb8 35. Rd2 Bc3 36. Ra2 Rb5 37. f4 Bc4 38. Rc2 Bxb4 39. Rxc4 Bxa5 40.
Rxe4 Rxc5 41. Re8+ Kf7 42. Rh8 Bc3 43. Rxh7+ Bg7 44. Kf3 Ra5 45. g5 c5 46. e4
c4 47. e5 Ra7 48. Rh4 c3 49. Rg4 c2 50. Rg1 Rb7 51. Rc1 Bf8 0-1

[Event "Miedzynarodowe Szachowe Lato w Poznaniu "]
[Site "Wyzsza Szkola Umiejetnosci Spo"]
[Date "2012.??.15"]
[Round "2.3"]
[White "Meczynski, Waldemar"]
[Black "Glatty, Zbigniew"]
[Result "1-0"]
[WhiteElo "2153"]
[BlackElo "1929"]
[PlyCount "109"]
[EventDate "2012.??.??"]

1. e4 e5 2. Nf3 Nc6 3. Bb5 a6 4. Ba4 Nf6 5. O-O Be7 6. Re1 b5 7. Bb3 d6 8. c3
O-O 9. h3 Na5 10. Bc2 c5 11. d4 Qc7 12. Nbd2 cxd4 13. cxd4 Nc6 14. d5 Nb4 15.
Bb1 a5 16. Nf1 Bd7 17. Ne3 g6 18. Nh2 Nh5 19. Neg4 Nf4 20. a3 Na6 21. Nf1 h5
22. Ngh2 Bg5 23. Nf3 Bh6 24. Kh2 Kg7 25. Ng1 h4 26. g3 hxg3+ 27. fxg3 Nh5 28.
Bxh6+ Kxh6 29. Qd2+ Kg7 30. Rc1 Nc5 31. Bc2 a4 32. Re1 Rh8 33. Kg2 Qc8 34. Re3
f5 35. exf5 Bxf5 36. Rd1 Bxc2 37. Qxc2 Qf5 38. Qe2 Rab8 39. Kh2 e4 40. Rc3 Rhf8
41. Rc2 Rf7 42. Ne3 Qe5 43. Qg2 Nd3 44. Ng4 Qxd5 45. Ne2 Qb7 46. Nd4 d5 47. Qd2
Qb6 48. Qh6+ Kg8 49. Nc6 Nhf4 50. gxf4 Nxf4 51. Nxb8 Qxb8 52. Ne5 Nh5 53. Qxg6+
Rg7 54. Qxh5 d4 55. Rdc1 1-0

[Event "Miedzynarodowe Szachowe Lato w Poznaniu "]
[Site "Wyzsza Szkola Umiejetnosci Spo"]
[Date "2012.??.15"]
[Round "2.4"]
[White "Kozlowska, Marzena"]
[Black "Bednarska-bzdega, Malgorzata"]
[Result "1/2-1/2"]
[WhiteElo "1920"]
[BlackElo "2138"]
[PlyCount "102"]
[EventDate "2012.??.??"]

1. b4 e5 2. Bb2 Bxb4 3. Bxe5 Nf6 4. e3 O-O 5. Nf3 d5 6. Be2 Nbd7 7. Bb2 Re8 8.
O-O Nb6 9. c3 Bd6 10. d4 c6 11. Nbd2 Bg4 12. c4 Bb8 13. cxd5 cxd5 14. Bb5 Bd7
15. Qb3 Ne4 16. a4 Bxb5 17. Qxb5 Nd6 18. Qb3 Bc7 19. Ne5 Rc8 20. Rfc1 Qh4 21.
g3 Qh3 22. a5 Nbc4 23. Ndxc4 dxc4 24. Nxc4 Ne4 25. Ne5 Bxe5 26. dxe5 Nd2 27.
Qd1 Rcd8 28. Bd4 Ne4 29. Qf3 Nd2 30. Qd1 Ne4 31. Rc7 Rxe5 32. Qf3 Ng5 33. Qg2
Qxg2+ 34. Kxg2 Rb5 35. Bxa7 Ne4 36. Ra2 h6 37. Bb6 Rb8 38. Rac2 Nd6 39. Rd7 Ne8
40. Rd8 Rxd8 41. Bxd8 Kh7 42. Bb6 Kg6 43. Rc8 Nd6 44. Rc7 h5 45. h4 Kf6 46. Kf3
Ke6 47. Ke2 Rb2+ 48. Kf3 Rb5 49. Rc2 Kd5 50. Rd2+ Ke6 51. Rc2 Kd5 1/2-1/2

[Event "Miedzynarodowe Szachowe Lato w Poznaniu "]
[Site "Wyzsza Szkola Umiejetnosci Spo"]
[Date "2012.??.??"]
[Round "2.5"]
[White "Zakrzewski, Marek"]
[Black "Niekras, Dawid"]
[Result "1/2-1/2"]
[WhiteElo "2112"]
[BlackElo "1912"]
[PlyCount "87"]
[EventDate "2012.??.??"]

1. e4 e5 2. Nc3 Nf6 3. Bc4 Nxe4 4. Qh5 Nd6 5. Bb3 Be7 6. Nf3 Nc6 7. Nxe5 g6 8.
Nxc6 dxc6 9. Qf3 O-O 10. O-O Nf5 11. d3 Nd4 12. Qd1 Nxb3 13. axb3 Bf5 14. Be3
Bf6 15. Qd2 Qd7 16. Bg5 Bd4 17. Be3 Bf6 18. Bg5 Bd4 19. Nd1 Rfe8 20. c3 Bg7 21.
d4 Be6 22. b4 Bc4 23. Re1 Rxe1+ 24. Qxe1 a6 25. Ne3 Be6 26. Qd2 h6 27. Bf4 f5
28. Qc2 g5 29. Be5 f4 30. Bxg7 Kxg7 31. Nf1 Bf5 32. Qd2 Re8 33. Re1 Kf7 34.
Rxe8 Qxe8 35. f3 Qe6 36. Kf2 Qb3 37. Ke1 Qc4 38. h4 Qa2 39. hxg5 hxg5 40. Kf2
Qb1 41. Ke2 Be6 42. Qd3 Qxb2+ 43. Nd2 Kf6 44. Qh7 1/2-1/2

[Event "Miedzynarodowe Szachowe Lato w Poznaniu "]
[Site "Wyzsza Szkola Umiejetnosci Spo"]
[Date "2012.??.??"]
[Round "2.6"]
[White "Chojnacki, Tomasz"]
[Black "Choroszej, Aleksander"]
[Result "0-1"]
[WhiteElo "1889"]
[BlackElo "2085"]
[PlyCount "66"]
[EventDate "2012.??.??"]

1. e4 g6 2. d4 Bg7 3. Nc3 d6 4. Be3 a6 5. Qd2 Nd7 6. Nf3 b5 7. a4 b4 8. Ne2 c5
9. c3 bxc3 10. bxc3 Bb7 11. Ng3 Qa5 12. Bc4 d5 13. Bxd5 Bxd5 14. exd5 Ngf6 15.
c4 Qc7 16. Rc1 cxd4 17. Bxd4 Nc5 18. Bxc5 Qxc5 19. O-O O-O 20. Rfe1 Rab8 21.
Qe2 Rfc8 22. Qxe7 Qxe7 23. Rxe7 Nxd5 24. Ree1 Nf4 25. Red1 Kf8 26. h4 Rc6 27.
Ng5 h6 28. N5e4 Be5 29. Rc2 Ne6 30. Rd5 f6 31. c5 Rb1+ 32. Kh2 Rb4 33. Kh3 Nf4+
0-1

[Event "Miedzynarodowe Szachowe Lato w Poznaniu "]
[Site "Wyzsza Szkola Umiejetnosci Spo"]
[Date "2012.??.??"]
[Round "2.7"]
[White "Bajerlein, Dawid"]
[Black "Leszczynski, Hubert"]
[Result "1-0"]
[WhiteElo "2048"]
[BlackElo "1846"]
[PlyCount "51"]
[EventDate "2012.??.??"]

1. d4 g6 2. Nf3 d5 3. g3 Bg7 4. Bg2 Nd7 5. O-O c6 6. Re1 f5 7. c4 dxc4 8. a4
Qc7 9. Na3 Nb6 10. Bf4 Qd8 11. Be5 Nf6 12. a5 Nbd5 13. Nxc4 O-O 14. Qb3 Ne4 15.
Bxg7 Kxg7 16. Nfe5 Nd6 17. Bxd5 cxd5 18. Nxd6 Qxd6 19. Qa3 Qe6 20. Rac1 f4 21.
Rc7 Kf6 22. gxf4 Rg8 23. Rec1 g5 24. f5 Qd6 25. Qxd6+ exd6 26. Rf7# 1-0

[Event "Miedzynarodowe Szachowe Lato w Poznaniu "]
[Site "Wyzsza Szkola Umiejetnosci Spo"]
[Date "2012.??.15"]
[Round "2.8"]
[White "Kaczmarek, Piotr"]
[Black "Stachowiak, Slawomir"]
[Result "1/2-1/2"]
[WhiteElo "1832"]
[BlackElo "2026"]
[PlyCount "113"]
[EventDate "2012.??.??"]

1. e4 e5 2. Nf3 Nc6 3. Bb5 a6 4. Ba4 Be7 5. O-O b5 6. Bb3 d6 7. c3 Nf6 8. Re1
Na5 9. Bc2 c5 10. d4 Qc7 11. Nbd2 Bg4 12. h3 Bh5 13. d5 h6 14. Nf1 Nc4 15. g4
Bg6 16. Ng3 Nh7 17. h4 Nf6 18. b3 Nb6 19. g5 hxg5 20. Bxg5 Qd7 21. Kg2 Qg4 22.
Nh2 Qd7 23. Bxf6 Bxf6 24. h5 Bh7 25. Qg4 Nxd5 26. exd5 Bxc2 27. f4 O-O-O 28.
fxe5 dxe5 29. Rac1 Qxg4 30. Nxg4 Bh7 31. Nxe5 Bxe5 32. Rxe5 f6 33. Re6 Rxd5 34.
Rxa6 Kb7 35. Re6 Rd7 36. Rce1 Ra8 37. R1e2 Kc7 38. h6 Bg8 39. Re7 gxh6 40. Kf2
Rxe7 41. Rxe7+ Kd8 42. Re2 Bh7 43. Nh5 Ra6 44. Nf4 Bf5 45. Kg3 c4 46. Rd2+ Kc8
47. Rd5 cxb3 48. axb3 Bd7 49. Nd3 Rc6 50. Rxb5 Rxc3 51. Rc5+ Rxc5 52. Nxc5 Bf5
53. Kh4 Bg6 54. b4 Kc7 55. Ne6+ Kd7 56. Nf4 Bf7 57. Kg4 1/2-1/2

[Event "Miedzynarodowe Szachowe Lato w Poznaniu "]
[Site "Wyzsza Szkola Umiejetnosci Spo"]
[Date "2012.??.??"]
[Round "2.9"]
[White "Dzwikowski, Adam"]
[Black "Zielewicz, Piotr"]
[Result "1-0"]
[WhiteElo "2008"]
[BlackElo "1755"]
[PlyCount "66"]
[EventDate "2012.??.??"]

1. Nf3 Nf6 2. g3 g6 3. Bg2 Bg7 4. O-O O-O 5. d4 d6 6. c4 c5 7. d5 Na6 8. Nc3
Bf5 9. Re1 Ne4 10. Nb5 Nc7 11. Nxc7 Qxc7 12. Nh4 Nf6 13. Nxf5 gxf5 14. Qc2 e6
15. Rb1 a5 16. b3 Qd7 17. Bh3 h6 18. Bf4 Qe7 19. Rbd1 Ra7 20. Rd3 Ng4 21. Rdd1
Bd4 22. dxe6 fxe6 23. Bc1 Bg7 24. e4 Ne5 25. Bg2 fxe4 26. Qxe4 a4 27. f4 Ng4
28. h3 Bd4+ 29. Rxd4 cxd4 30. hxg4 axb3 31. axb3 Qf6 32. Bb2 e5 33. Re2 Ra2 1-0

[Event "Miedzynarodowe Szachowe Lato w Poznaniu "]
[Site "Wyzsza Szkola Umiejetnosci Spo"]
[Date "2012.??.??"]
[Round "2.10"]
[White "Gajzner, Ryszard"]
[Black "Kaluzny, Wlodzimierz"]
[Result "0-1"]
[WhiteElo "1738"]
[BlackElo "2006"]
[PlyCount "115"]
[EventDate "2012.??.??"]

1. Nf3 d5 2. c4 e6 3. g3 c6 4. b3 Be7 5. Bb2 Bf6 6. Nc3 Ne7 7. Bg2 O-O 8. O-O
b6 9. cxd5 exd5 10. d4 Bf5 11. Re1 Nd7 12. e4 dxe4 13. Nxe4 Bxe4 14. Rxe4 Rc8
15. Bh3 Rc7 16. Qe1 Re8 17. Rd1 Nf8 18. d5 cxd5 19. Bxf6 gxf6 20. Re2 Nfg6 21.
Nd4 a6 22. f4 Rf8 23. Bg2 Qd6 24. Kh1 Rfc8 25. Bh3 Rd8 26. Red2 Kf8 27. Qe2 Qa3
28. Qh5 Kg7 29. Qg4 Kh8 30. Nf5 Rc1 31. Ne3 Rxd1+ 32. Qxd1 Qc5 33. Rd3 Nf8 34.
Qa1 d4 35. Qd1 Nc6 36. Nc2 f5 37. Ne3 Ne6 38. Nxf5 Qd5+ 39. Bg2 Qxf5 40. Bxc6
Qc5 41. Be4 f5 42. Bb7 Qd6 43. Qe2 Nc5 44. Bf3 Nxd3 45. Qxd3 Qc5 46. Bd1 Re8
47. Kg2 Re3 48. Qxa6 Qc6+ 49. Kf2 Rc3 50. Qe2 Re3 51. Qd2 Qc5 52. Bc2 Rc3 53.
Bd3 Kg7 54. g4 fxg4 55. f5 Qe7 56. Be2 Qe3+ 57. Qxe3 dxe3+ 58. Kf1 0-1

[Event "Miedzynarodowe Szachowe Lato w Poznaniu "]
[Site "Wyzsza Szkola Umiejetnosci Spo"]
[Date "2012.??.??"]
[Round "2.11"]
[White "Andrzejewska, Anna"]
[Black "Hoffmann, Piotr"]
[Result "1-0"]
[WhiteElo "1980"]
[BlackElo "1726"]
[PlyCount "49"]
[EventDate "2012.??.??"]

1. e4 e5 2. Nf3 Nc6 3. d4 exd4 4. Bc4 Nf6 5. e5 d5 6. Bb5 Ne4 7. Nxd4 Bd7 8.
Bxc6 bxc6 9. O-O Bc5 10. f3 Ng5 11. f4 Ne4 12. Be3 h6 13. Nd2 Nxd2 14. Qxd2 Qe7
15. Nb3 Bb6 16. Qc3 Bxe3+ 17. Qxe3 Qb4 18. f5 Qb6 19. Nd4 O-O-O 20. c3 Rhf8 21.
e6 fxe6 22. fxe6 Rxf1+ 23. Rxf1 Bxe6 24. Qxe6+ Kb7 25. Qe7 1-0

[Event "Miedzynarodowe Szachowe Lato w Poznaniu "]
[Site "Wyzsza Szkola Umiejetnosci Spo"]
[Date "2012.??.??"]
[Round "2.12"]
[White "Palasz, Michal"]
[Black "Kozlowski, Tomasz"]
[Result "1/2-1/2"]
[WhiteElo "1708"]
[BlackElo "1967"]
[PlyCount "83"]
[EventDate "2012.??.??"]

1. d4 d6 2. Nf3 Bg4 3. c3 c6 4. h3 Bxf3 5. exf3 Qc7 6. Bf4 e5 7. Qe2 Nd7 8. Nd2
O-O-O 9. dxe5 dxe5 10. Be3 Kb8 11. Qc4 f5 12. Nb3 f4 13. Bc5 b5 14. Qb4 a5 15.
Qa3 Nxc5 16. Nxc5 Qa7 17. b4 Bxc5 18. bxc5 Nf6 19. Rb1 Kc7 20. Bxb5 cxb5 21.
Rxb5 Ra8 22. c4 Rhd8 23. O-O Rd4 24. Qa4 Nd7 25. c6 Nc5 26. Qa3 Kxc6 27. Rfb1
Rxc4 28. Qb2 Nd7 29. Qb3 Qd4 30. Rb7 Rb4 31. Rxb4 axb4 32. Rd1 Nc5 33. Rc1 Ra3
34. Qe6+ Kb5 35. Qe8+ Kb6 36. Qb8+ Nb7 37. Qc7+ Ka7 38. Qf7 b3 39. axb3 Ra1 40.
Rxa1+ Qxa1+ 41. Kh2 Qe1 42. Qxg7 1/2-1/2

[Event "Miedzynarodowe Szachowe Lato w Poznaniu "]
[Site "Wyzsza Szkola Umiejetnosci Spo"]
[Date "2012.??.??"]
[Round "2.13"]
[White "Hemmerling, Jaroslaw"]
[Black "Pawlicki, Dariusz"]
[Result "1-0"]
[WhiteElo "1964"]
[BlackElo "1708"]
[PlyCount "109"]
[EventDate "2012.??.??"]

1. d4 d5 2. Nf3 Nc6 3. g3 Bg4 4. Bg2 Bxf3 5. Bxf3 Nf6 6. Bf4 e6 7. c3 Bd6 8.
Bg5 h6 9. Bxf6 Qxf6 10. Qb3 Rb8 11. Nd2 O-O 12. e4 dxe4 13. Bxe4 e5 14. dxe5
Nxe5 15. O-O b6 16. Bg2 h5 17. Ne4 Qh6 18. Nxd6 Qxd6 19. Rad1 Qf6 20. Qa4 a5
21. Qe4 Ng6 22. Rd7 c5 23. Qd5 Qe5 24. Rd1 h4 25. Rd6 Qxd5 26. Bxd5 Ne7 27. Bb3
hxg3 28. hxg3 Nf5 29. Rd7 Nh6 30. R1d6 Kh7 31. Rc6 Rfd8 32. Rxb6 Rxb6 33. Rxd8
a4 34. Bc2+ g6 35. b3 axb3 36. Bxb3 Ra6 37. Rc8 Ra5 38. Rc7 Kg7 39. f3 g5 40.
Kf2 Kg6 41. g4 f5 42. Kg3 f4+ 43. Kf2 Kf6 44. Ke2 Rb5 45. Kd3 Ra5 46. Kd2 Rb5
47. Rh7 c4 48. Rxh6+ Kg7 49. Bxc4 Rb2+ 50. Kc1 Rf2 51. Rh5 Rxf3 52. Rxg5+ Kf6
53. Rf5+ Kg6 54. Kc2 Rf2+ 55. Kb3 1-0

[Event "Miedzynarodowe Szachowe Lato w Poznaniu "]
[Site "Wyzsza Szkola Umiejetnosci Spo"]
[Date "2012.??.15"]
[Round "2.16"]
[White "Szymanski, Leszek"]
[Black "Wasiak, Stanislaw"]
[Result "1/2-1/2"]
[WhiteElo "1798"]
[BlackElo "1801"]
[PlyCount "63"]
[EventDate "2012.??.??"]

1. e4 c6 2. d4 d5 3. c3 e6 4. f3 c5 5. e5 Nc6 6. Bb5 Bd7 7. Ne2 Nxe5 8. Bxd7+
Nxd7 9. O-O cxd4 10. cxd4 Ngf6 11. Re1 Be7 12. Nbc3 O-O 13. Be3 Bb4 14. a3 Ba5
15. Rc1 a6 16. b4 Bb6 17. Na4 Qe7 18. g3 h6 19. Qd2 Rab8 20. Nxb6 Nxb6 21. Rc2
Rbc8 22. Rec1 Rxc2 23. Qxc2 e5 24. Qc3 e4 25. Bf4 Qe6 26. Kg2 exf3+ 27. Qxf3
Ne4 28. Qd3 Rc8 29. Nc3 Nxc3 30. Rxc3 Rxc3 31. Qxc3 Qe4+ 32. Kh3 1/2-1/2

[Event "Miedzynarodowe Szachowe Lato w Poznaniu "]
[Site "Wyzsza Szkola Umiejetnosci Spo"]
[Date "2012.??.??"]
[Round "2.17"]
[White "Trzeciakiewicz, Michal"]
[Black "Opolski, Wojciech"]
[Result "1-0"]
[WhiteElo "1498"]
[BlackElo "1682"]
[PlyCount "27"]
[EventDate "2012.??.??"]

1. e4 e5 2. Nf3 Nc6 3. d4 exd4 4. Nxd4 Qf6 5. Nxc6 bxc6 6. Bd3 Bc5 7. O-O Ne7
8. Nc3 O-O 9. Qh5 Bd4 10. e5 g6 11. exf6 gxh5 12. Re1 Bxf6 13. Ne4 Re8 14.
Nxf6+ 1-0

[Event "Miedzynarodowe Szachowe Lato w Poznaniu "]
[Site "Wyzsza Szkola Umiejetnosci Spo"]
[Date "2012.??.15"]
[Round "2.18"]
[White "Szczepaniak, Artur"]
[Black "Gajewski, Wojciech"]
[Result "1-0"]
[WhiteElo "1641"]
[BlackElo "1491"]
[PlyCount "71"]
[EventDate "2012.??.??"]

1. d4 g6 2. c4 Bg7 3. Nc3 c5 4. e3 Nf6 5. Nf3 O-O 6. Be2 d6 7. O-O Nbd7 8. b3
b6 9. Bb2 Bb7 10. d5 Ng4 11. Qc2 Nge5 12. Nxe5 Nxe5 13. f4 Nd7 14. e4 Qc7 15.
Rae1 a6 16. Bd3 Rad8 17. Nb1 f6 18. Nd2 Ra8 19. a4 Rf7 20. Nf3 Raf8 21. g4 Bc8
22. h3 a5 23. Bc3 Nb8 24. Qb2 Nd7 25. Bb1 Qb8 26. Kg2 Qb7 27. Re3 Qb8 28. Kg3
Qb7 29. h4 h6 30. Rfe1 g5 31. hxg5 hxg5 32. fxg5 Ne5 33. g6 Nxg6 34. e5 Nxe5
35. Qh2 Nxg4 36. Qh7# 1-0

[Event "Miedzynarodowe Szachowe Lato w Poznaniu "]
[Site "Wyzsza Szkola Umiejetnosci Spo"]
[Date "2012.??.15"]
[Round "2.19"]
[White "Choremski, Slawomir"]
[Black "Adamczyk, Wieslaw"]
[Result "1-0"]
[WhiteElo "1467"]
[BlackElo "1605"]
[PlyCount "125"]
[EventDate "2012.??.??"]

1. e4 c6 2. d4 d5 3. exd5 cxd5 4. Bd3 Nf6 5. c3 Nc6 6. Bf4 Bg4 7. Qb3 Na5 8.
Qb5+ Bd7 9. Na3 e6 10. Be5 Bxb5 11. Nxb5 Be7 12. Bc7 Qc8 13. Bxa5 O-O 14. Nf3
b6 15. Bb4 Bxb4 16. cxb4 a6 17. Nc3 Qd7 18. Nd2 Rfe8 19. b5 a5 20. O-O e5 21.
dxe5 Rxe5 22. Nf3 Re7 23. Nd4 Rae8 24. Nc6 Re6 25. Rad1 g6 26. h3 Qc8 27. Na4
Qc7 28. Rc1 Rc8 29. Rc2 Rce8 30. Nd4 Qf4 31. Nxe6 Qxa4 32. Nc7 Rc8 33. Rfc1 Qf4
34. Bf1 Qd6 35. Rc6 Qe5 36. R1c2 Nd7 37. Re2 Qxc7 38. Re8+ Rxe8 39. Rxc7 Rd8
40. Rc6 Nc5 41. Rxb6 d4 42. Rc6 Ne6 43. b6 Kf8 44. b7 Ke7 45. Bb5 Rb8 46. Ba6
d3 47. Rc3 d2 48. Be2 Rxb7 49. Rc2 Rd7 50. Bd1 Kf6 51. f3 Ke5 52. Kf2 f5 53. g3
f4 54. g4 g5 55. Rc3 Kd4 56. a3 Nc5 57. Ke2 Rd5 58. Kxd2 a4 59. Kc1 Nd3+ 60.
Kb1 Nxb2 61. Kxb2 Rb5+ 62. Kc2 Re5 63. Rc7 1-0

[Event "Miedzynarodowe Szachowe Lato w Poznaniu "]
[Site "Wyzsza Szkola Umiejetnosci Spo"]
[Date "2012.??.??"]
[Round "2.20"]
[White "Wittig, Zenon"]
[Black "Bladoszewski, Kamil"]
[Result "0-1"]
[WhiteElo "1590"]
[BlackElo "1416"]
[PlyCount "40"]
[EventDate "2012.??.??"]

1. e4 c5 2. Nf3 d6 3. d4 cxd4 4. Nxd4 Nf6 5. Nc3 g6 6. Be3 Bg7 7. f3 O-O 8. Qd2
Nc6 9. O-O-O Nxd4 10. Bxd4 Be6 11. g4 a6 12. h4 b5 13. a3 Qa5 14. h5 b4 15. Nb1
Rab8 16. hxg6 fxg6 17. axb4 Qa4 18. c3 Rfc8 19. Na3 Rxb4 20. Kb1 Qxa3 0-1

[Event "Miedzynarodowe Szachowe Lato w Poznaniu "]
[Site "Wyzsza Szkola Umiejetnosci Spo"]
[Date "2012.??.15"]
[Round "2.21"]
[White "Choremska, Zuzanna"]
[Black "Raczynski, Krzysztof"]
[Result "0-1"]
[WhiteElo "1384"]
[BlackElo "1588"]
[PlyCount "88"]
[EventDate "2012.??.??"]

1. e4 c5 2. Nf3 d6 3. d4 cxd4 4. Nxd4 Nf6 5. Nc3 a6 6. Be3 e6 7. Be2 b5 8. a3
Bb7 9. Bd3 Nbd7 10. f3 Rc8 11. O-O Be7 12. Rc1 Nb6 13. Qe2 Nfd7 14. Nd1 d5 15.
Nf2 Ne5 16. exd5 Nxd5 17. Be4 Nc4 18. Nd1 Qd7 19. Nb3 Ndxe3 20. Nxe3 Nxb2 21.
Bxb7 Qxb7 22. Ra1 Qb6 23. Kh1 Nc4 24. Nxc4 Rxc4 25. Qd3 O-O 26. Nd2 Ra4 27.
Rfb1 Rd8 28. Qe2 Qc6 29. Ne4 Rxa3 30. Rxa3 Bxa3 31. Ra1 Be7 32. c3 b4 33. cxb4
Bxb4 34. h3 a5 35. Qe3 h6 36. Qf4 f5 37. Nf2 Qd6 38. Qc4 Qd5 39. Qc7 Qd7 40.
Qc4 Rc8 41. Qa6 Rc6 42. Qa8+ Qc8 43. Qa7 Bc5 44. Qxa5 Bxf2 0-1

[Event "Miedzynarodowe Szachowe Lato w Poznaniu "]
[Site "Wyzsza Szkola Umiejetnosci Spo"]
[Date "2012.??.??"]
[Round "2.22"]
[White "Nowak, Mikolaj"]
[Black "Piasecki, Andrzej"]
[Result "1-0"]
[WhiteElo "1572"]
[BlackElo "1322"]
[PlyCount "76"]
[EventDate "2012.??.??"]

1. e4 c6 2. d4 a6 3. Nf3 h6 4. Bd3 d5 5. exd5 Qxd5 6. Be3 Nf6 7. Nbd2 Nbd7 8.
h3 e5 9. dxe5 Nxe5 10. Nxe5 Qxe5 11. Nc4 Qc7 12. O-O c5 13. Re1 Be6 14. a4 a5
15. Qd2 Nd5 16. f4 Nxe3 17. Qxe3 Be7 18. f5 Bd5 19. Re2 Kd8 20. Nb6 Qxb6 21.
Qxe7+ Kc8 22. c4 Bc6 23. Qxf7 Kb8 24. Qxg7 Ka7 25. Qc3 Rhg8 26. Rf1 Rg3 27. f6
Rag8 28. Rff2 Qd8 29. f7 Rf8 30. Rd2 Qd7 31. Qxa5+ Kb8 32. Qxc5 Rxf7 33. Rxf7
Qxh3 34. Rf8+ Kc7 35. Rc8+ Qxc8 36. Qe5+ Kb6 37. Qxg3 Bxa4 38. Qd6+ Ka5 1-0

[Event "Miedzynarodowe Szachowe Lato w Poznaniu "]
[Site "Wyzsza Szkola Umiejetnosci Spo"]
[Date "2012.??.15"]
[Round "2.23"]
[White "Stoklosa, Stanislaw"]
[Black "Rydlewski, Marek"]
[Result "0-1"]
[WhiteElo "1318"]
[BlackElo "1570"]
[PlyCount "100"]
[EventDate "2012.??.??"]

1. e4 c5 2. Nf3 Nc6 3. d4 cxd4 4. Nxd4 Nf6 5. Nxc6 bxc6 6. Nc3 e5 7. Bd3 Bb4 8.
Bd2 d5 9. a3 Ba5 10. exd5 cxd5 11. O-O O-O 12. b4 Bb6 13. Bg5 Bd4 14. Qd2 Bb7
15. Rae1 Qb6 16. Na4 Qd6 17. c3 Bb6 18. Bc2 Nd7 19. Nxb6 Nxb6 20. Be3 Nc4 21.
Qc1 Ba6 22. Bd3 Qc6 23. Bd2 Rac8 24. Kh1 Nxd2 25. Qxd2 Bxd3 26. Qxd3 e4 27. Qd2
Rfd8 28. Rc1 f5 29. f3 Qe6 30. Rfe1 Qe5 31. g3 Rf8 32. f4 Qd6 33. c4 d4 34. c5
Qd5 35. Ra1 Rfd8 36. Kg1 d3 37. Qa2 Kf8 38. Qxd5 Rxd5 39. Red1 Rd4 40. Kf2 Rc4
41. Ra2 Re8 42. Ke3 Ke7 43. h4 h5 44. Rb2 Kd7 45. a4 Kc6 46. Kd2 a5 47. bxa5
Rxa4 48. Rb7 Kxc5 49. Rc1+ Rc4 50. Rxc4+ Kxc4 0-1